000
00280nam a2200109Ia 4500
005
20251222154354.0
008
251222s9999||||xx |||||||||||||| ||spa||
020
_a
84-7700-094-8
082
_a
938/S26
245
0
_a
Historia universal: La antigüedad y el mundo griego
942
_c
LIB
999
_c
35012
_d
35012